000 00810nam0a22002891 4500
001 v19\rc\2037781
005 20251118181557.2
035 _a(NLR Aleph) 005115790
090 _a7541543
_c7541543
100 _a20080925d1917 u y0rusy50 ca
101 0 _arus
102 _aRU
105 _ay z |||||
200 1 _aЗаконы о земле
210 _a[Петроград
_d1917]
215 _a16 с.
_d26
309 _aБез тит. л. и обл.
740 1 _aРСФСР
_c1917-1922
_tЗаконы и постановления
_9551047
_3RU\NLR\AUTH\880443530
801 0 _aRU
_bNLR
_gpsbo
801 0 _aRU
_bRuMoRGB
_2psbo
801 1 _aRU
_bProSoft-M
_2rusmarc
852 _aNLR
_j35/2457
899 _aRuMoRGB
_jМК
899 _aRuMoRGB
_jJ 103/430
942 _cBOOK
980 _aNB